| 000 | 00604nam a2200181 a 4500 | ||
|---|---|---|---|
| 001 | 1139 | ||
| 005 | 20140414131906.0 | ||
| 008 | 041021s19uu xx 00 eng d | ||
| 020 | _a0-8167-1703-6 | ||
| 050 |
_aFIC _bK12 1990 |
||
| 100 | _aKahaner, Ellen | ||
| 245 |
_aWhat's so great about fourth grade? / _cEllen Kahaner ; illustrated by Paul Henry. |
||
| 260 |
_aNew Jersey : _bTroll Associates, _c1990. |
||
| 300 | _a90 p. : ill. ; cm. | ||
| 520 | _aWhat are you supposed to do when your best friend in the whole world gets in BIG trouble and blames you? | ||
| 650 | _aFiction. | ||
| 999 |
_c110955 _d110955 |
||